The Lippincott manual of nursing practice (Record no. 35948)

MARC details
000 -LEADER
fixed length control field 00452nam a2200181Ia 4500
020 ## - INTERNATIONAL STANDARD BOOK NUMBER
ISBN 0- 397-54212- 7
050 ## - CALL MARK
Classification number RT 52 .B78/
100 ## - STATEMENT OF RESPONSIBILITY--MAIN AUTHOR NAME
Personal name J. B. Lippincott
245 #4 - TITLE STATEMENT
Title The Lippincott manual of nursing practice
250 ## - EDITION / VOLUME STATEMENT
Edition / Volume statement 2nd
260 ## - PUBLICATION, DISTRIBUTION, ETC. (IMPRINT)
Name of publisher J.B. Lippincott
260 ## - PUBLICATION, DISTRIBUTION, ETC. (IMPRINT)
Year of publication 1978
300 ## - PHYSICAL DESCRIPTION
Number of Pages 1868 p
650 ## - SUBJECT ADDED ENTRY--TOPICAL TERM
Topical Term Nursing- handbooks, manuals, etc
942 ## - ADDED ENTRY ELEMENTS (KOHA)
Koha item type Books
Holdings
Withdrawn status Lost status Source of classification or shelving scheme Damaged status Not for loan Permanent Location Current Location Shelving location Date acquired Accession Number Price effective from Koha item type
    Library of Congress Classification     NILE UNIVERSITY OF NIGERIA - MAIN LIBRARY NILE UNIVERSITY OF NIGERIA - MAIN LIBRARY Items on shelf 04/23/2025 0008819 04/23/2025 Books